Vista normal
Vista MARC
Entrada Personal Name
Número de registros utilizados en: 1
001 - CONTROL NUMBER
- control field: 6825
003 - CONTROL NUMBER IDENTIFIER
- control field: OSt
005 - DATE AND TIME OF LATEST TRANSACTION
- control field: 20200707175323.0
008 - FIXED-LENGTH DATA ELEMENTS
- fixed length control field: 200707|| aca||aabn | a|a d
040 ## - CATALOGING SOURCE
- Original cataloging agency: OSt
- Transcribing agency: OSt
100 ## - HEADING--PERSONAL NAME
- Personal name: Scartascini, Carlos
670 ## - SOURCE DATA FOUND
- Source citation: Work cat.: (OSt)5816: Hallerberg, Mark, editor 6823, ¿Quiénes deciden el presupuesto? : , ©2010